[Event "Cup Croatia (team)"]
[Site "masterchessopen.com – Rabac (Croatia)"]
[Round "7"]
[White "Gracin Damir (CRO)"]
[Black "Horvat Sasa (CRO)"]
[Result "0-1"]
[WhiteElo "2213"]
[BlackElo "2146"]

1.d4 Nf6 2.c4 g6 3.Nc3 Bg7 4.e4 d6 5.Nge2 O-O 6.f3 Nc6 7.Be3 a6 8.Qd2 Rb8
9.Nc1 e5 10.Nb3 exd4 11.Nxd4 Nxd4 12.Bxd4 c6 13.g4 c5 14.Be3 Be6 15.O-O-O Qa5
16.Bh6 b5 17.Bxg7 Kxg7 18.Qxd6 b4 19.Nd5 Bxd5 20.e5 Ne4 21.fxe4 Bxe4 22.Qf6+
Kg8 23.e6 Qa4 24.Bd3 Bxh1 25.e7 Rfc8 26.Rf1 Qe8 27.Rxh1 Rb7 28.Be4 Rxe7 29.Bd5
Re2 30.Rf1 Rc7 31.Rf3 Re1+ 32.Kc2 Qe2+ 33.Kb3 Qd1# 0-1

[Event "It (open)"]
[Site "masterchessopen.com – Chicago (USA)"]
[Date "2004.05.29"]
[Round "2"]
[White "Muhammad Stephen A (USA)"]
[Black "Markzon Gregory (USA)"]
[Result "1-0"]
[WhiteElo "2387"]
[BlackElo "2186"]

1.d4 Nf6 2.c4 g6 3.Nc3 Bg7 4.e4 d6 5.f3 O-O 6.Be3 Nc6 7.Nge2 a6 8.Qd2 Rb8 9.d5
Na5 10.Nc1 c5 11.Rb1 b6 12.Be2 e5 13.b4 Nb7 14.Nd3 Bd7 15.O-O Rc8 16.Qb2 b5
17.bxc5 dxc5 18.cxb5 axb5 19.Nxb5 Nxd5 20.exd5 e4 21.Ne5 exf3 22.gxf3 Bxe5
23.Qxe5 Re8 24.Qc3 Qe7 25.Bh6 f6 26.Bc4 {#r} 1-0

[Event "Memorial E.Afromeev"]
[Site "masterchessopen.com – Tula (Russia)"]
[Date "2004.07.15"]
[Round "14"]
[White "Larionov Sergey (UKR)"]
[Black "Teterev Vitaly (BLR)"]
[Result "0-1"]
[WhiteElo "2216"]
[BlackElo "2486"]

1.c4 g6 2.d4 Bg7 3.e4 d6 4.Nc3 Nf6 5.f3 O-O 6.Be3 Nc6 7.Nge2 a6 8.Qd2 Rb8
9.Nc1 e5 10.Nb3 exd4 11.Nxd4 Nxd4 12.Bxd4 c6 13.O-O-O Be6 14.g4 b5 15.g5 Nh5
16.Bxg7 Nxg7 17.cxb5 axb5 18.h4 b4 19.Ne2 Bxa2 20.h5 Qa5 21.Nd4 Qc5+ 22.Nc2 b3
23.hxg6 fxg6 {#R} 0-1

[Event "It (open)"]
[Site "masterchessopen.com – Agios Kirykos (Greece)"]
[Date "2004.07.20"]
[Round "9"]
[White "Svetushkin Dmitry (MDA)"]
[Black "Shavtvaladze Nikoloz (GEO)"]
[Result "1-0"]
[WhiteElo "2568"]
[BlackElo "2430"]

{ Svetushkin Dmitry (MDA) +0 =1 -1 Svetushkin Dmitry (MDA)-Shavtvaladze
Nikoloz (GEO) +0 =1 -0 } 1.d4 { 1 } 1...Nf6 2.c4 { ?! } ( 2.c3 { !? } 2...e6
3.Bg5 h6 4.Bh4 { } ) 2...g6 { ?! } ( 2...Nc6 { !? } 3.Nc3 e5 4.d5 Ne7 { } )
3.Nc3 Bg7 4.e4 d6 5.f3 { ?! } ( 5.Be2 { !? } 5...O-O 6.Nf3 Bg4 7.Be3 { } )
5...Nc6 { ?! } ( 5...O-O { !? } 6.Nge2 Nbd7 7.Bg5 a6 { } ) 6.Nge2 a6 7.Be3 Rb8
8.Qd2 O-O 9.Rc1 ( 9.Rb1 Re8 10.b4 b5 11.cxb5 axb5 12.d5 Ne5 13.Nd4 Bd7 14.Bxb5
Bxb5 15.Ncxb5 e6 16.dxe6 fxe6 17.Rc1 Rb7 18.O-O d5 19.exd5 Nxd5 20.Rfd1 c6
21.Na3 Rxb4 22.Bf2 Qa8 23.Nb1 Ra4 24.Nc3 Nxc3 25.Qxc3 Rxa2 26.Bg3 Ra5 27.Nxc6
Nxc6 28.Qxc6 Qxc6 { ...1/2-1/2, Svetushkin Dmitry 2542 - Shavtvaladze Nikoloz
2444 , Ikaria 2002 It (open) } ) 9...Bd7 { = } ( 9...Re8 10.Nd1 e6 11.Nf2 Bd7
12.b3 Ra8 13.Nc3 Nh5 14.Be2 e5 15.dxe5 dxe5 16.O-O Nd4 17.Rfd1 Be6 18.Bf1 Qd7
19.Ne2 c5 { 1/2-1/2, Othman A Moussa 2352 - El Taher Fouad 2501 , Dubai 22.
4.2004 It (open) } ) 10.Nd1 ( 10.b3 b5 11.cxb5 axb5 12.d5 Ne5 13.Nd4 Qe8 14.a3
e6 15.Be2 exd5 16.exd5 b4 17.axb4 Rxb4 18.O-O c5 19.dxc6 Nxc6 20.Ndb5 Na5
21.Nxd6 Qb8 22.Nde4 Nxb3 23.Nxf6+ Bxf6 24.Qxd7 Nxc1 25.Rxc1 Bxc3 26.Rxc3 Rb1+
27.Rc1 Rxc1+ 28.Bxc1 Qc8 29.Qd2 Rd8 { ...1-0, Van Der Sterren Paul 2475 -
Barlov Dragan 2550 , Dieren 1986 It (open) } ) 10...b5 ( 10...e5 11.d5 Ne7
12.c5 Ne8 13.b4 Kh8 14.Nec3 f5 15.Nb2 Nc8 16.Be2 Nf6 17.Nc4 fxe4 18.fxe4 Nh5
19.Bxh5 Qh4+ 20.Bf2 Qxh5 21.O-O g5 22.Be3 h6 23.Rxf8+ Bxf8 24.Rf1 Be7 25.Ne2
Qg6 26.Ng3 Bb5 27.Qc3 b6 28.cxd6 cxd6 29.Nxe5 Bf8 { 1-0, Graf Alexander 2630 -
Mamedov Rauf 2315 , Dubai 2002 It (open) } ) ( 10...Re8 11.Nf2 b5 12.c5 dxc5
13.Rxc5 e5 14.d5 Ne7 15.Qc2 c6 16.dxc6 Nxc6 17.Rxc6 Bxc6 18.Qxc6 Bf8 19.Qc3
Rc8 20.Qd2 Qc7 21.Nc1 Bc5 22.Bxc5 Qxc5 23.Nb3 Qb6 24.Bd3 Nh5 25.g3 Ng7 26.Ng4
Red8 27.Ne3 Qd6 28.Nd5 Ne8 29.Ke2 Nc7 30.Nxc7 { ...1/2-1/2, Graf Alexander
2629 - Nunn John D M 2617 , Germany 2003 Bundesliga 2002/03 } ) ( 10...e6
11.g3 Ne8 12.Bg2 f5 13.O-O Nf6 14.Nf2 Qe7 15.f4 fxe4 16.d5 Nd8 17.Nc3 Nf7
18.Ncxe4 Nxe4 19.Nxe4 e5 20.Rfe1 Bf5 21.c5 Rbe8 22.Qb4 Bxe4 23.Bxe4 exf4
24.Bxf4 dxc5 25.Qxb7 Nd6 26.Bxd6 Qxd6 27.b3 Bd4+ 28.Kh1 Re5 29.Bg2 Rh5 { 0-1,
Hertneck Gerald 2555 - Schmaltz Roland 2520 , Germany 1998 Bundesliga (2nd)
South 1997/98 } ) 11.c5 e6 ( 11...Qe8 12.Nf2 Rd8 13.g3 dxc5 14.Rxc5 Bc8 15.Bg2
Bb7 16.O-O Nd7 17.Rc2 Nb6 18.b3 e6 19.Rfc1 Ba8 20.f4 Qd7 21.Ng4 f5 22.exf5
exf5 23.Rxc6 fxg4 24.Rxc7 Qf5 25.Bxa8 Rxa8 26.R7c5 Qd7 27.d5 Rfe8 28.Bf2 Bf8
29.Rc7 Qxd5 30.Qc2 Rab8 31.Rd1 { ...1-0, Sasikiran Krishnan 2654 - Ye
Jiangchuan 2681 , Jodhpur 2003 Ch Asia (team) } ) 12.Nf2 Qe7 { } ( 12...b4
13.g3 Na5 14.Nd3 dxc5 15.Nxc5 Bb5 16.Nf4 g5 17.Nfd3 Nc6 18.Ne5 g4 19.Bxb5 {
1-0, Graf Alexander 2642 - Gadjily Raouf 2413 , Dubai 2000 It (open) } ) (
12...dxc5 13.Rxc5 Re8 14.Qc1 Rb6 15.Nd3 Bf8 16.Rc2 Nb4 17.Nxb4 Bxb4+ 18.Kf2
Rb7 19.Nf4 Bc8 20.Nd3 Bf8 21.Be2 h5 22.Rd1 Nd7 23.Kg1 Bd6 24.f4 Nb6 25.b3 Bd7
26.Bf3 Ra7 27.Nc5 Rf8 28.Rcd2 a5 29.e5 Be7 30.d5 exd5 31.Bxd5 Bxc5 32.Bxc5 {
...1-0, Bischoff Klaus 2541 - Svendsen Thomas 2108 , Seefeld 2001 It (open) }
) 13.Bg5 { N } ( 13.cxd6 cxd6 14.g3 Qd8 15.Bg2 Qa5 16.Qxa5 Nxa5 17.b3 Rfc8
18.Kd2 Rxc1 19.Rxc1 Rc8 20.Rxc8+ Bxc8 21.Nd3 Nc6 22.g4 d5 23.g5 Nd7 24.Bh3 Nb6
25.Nc5 Kf8 26.Bg4 Ke8 27.h4 Bf8 28.Nc3 e5 29.Ne2 Bxg4 30.fxg4 exd4 31.Nxd4
Nxd4 32.Bxd4 Bxc5 { ...1/2-1/2, Conquest Stuart 2529 - Kindermann Stefan 2519
, Germany 2000 Bundesliga 1999/00 } ) 13...Qe8 { ?! } ( 13...Rfc8 { !? }
14.Ng4 h5 15.Nxf6+ Bxf6 { } ) 14.g4 Bc8 15.cxd6 cxd6 16.h4 e5 17.d5 Nd4
18.Nxd4 exd4 19.Be2 Nd7 20.Bh6 Bxh6 21.Qxh6 Qe7 22.Qd2 Ne5 23.Qxd4 Bb7 { ?! }
( 23...Qf6 { !? } 24.Qe3 Nc4 25.Bxc4 bxc4 { } ) 24.f4 Nd7 25.g5 h5 { ?! } (
25...Rbc8 { !? } 26.Rxc8 Rxc8 27.Rh2 f5 { } ) 26.gxh6 f6 27.Rg1 Kh7 28.Kd2 { }
{#r} 1-0

[Event "It (open)"]
[Site "masterchessopen.com – Rostock (Germany)"]
[Date "2004.08.26"]
[Round "1"]
[White "Gottschalk Jens (GER)"]
[Black "Laser Dirk (GER)"]
[Result "1-0"]
[WhiteElo "2238"]
[BlackElo "2026"]

1.d4 Nf6 2.c4 g6 3.Nc3 Bg7 4.e4 d6 5.f3 O-O 6.Be3 Nc6 7.Nge2 Rb8 8.Qd2 a6 9.h4
b5 10.h5 Nxh5 11.g4 Nf6 12.Bh6 Bxh6 13.Qxh6 e6 14.g5 Nh5 15.Nf4 Nxd4 16.Nxh5
gxh5 17.Rxh5 Re8 18.Qxh7+ Kf8 19.Qh8+ Ke7 20.Qxd4 {#r} 1-0

[Event "It (open)"]
[Site "masterchessopen.com – Nuernberg (Germany)"]
[Date "2004.09.12"]
[Round "5"]
[White "Brassat Juergen (GER)"]
[Black "Redzepovic Irfan (GER)"]
[Result "0-1"]
[WhiteElo "1906"]
[BlackElo "1929"]

1.d4 Nf6 2.c4 g6 3.Nc3 Bg7 4.e4 d6 5.f3 O-O 6.Be3 Nc6 7.Nge2 a6 8.Qd2 Rb8
9.Nc1 e6 10.Nb3 Bd7 11.O-O-O Ne7 12.g4 Ne8 13.h4 b5 14.h5 bxc4 15.Bxc4 Rb4
16.Bd3 a5 17.hxg6 fxg6 18.Rh3 a4 19.Rdh1 axb3 20.Rxh7 bxa2 21.Nxa2 Ra4 22.Qh2
Rxa2 23.Bh6 Ra1+ 24.Bb1 Nc6 25.Bxg7 Qg5+ {#R} 0-1

[Event "Ch Vietnam (team)"]
[Site "masterchessopen.com – Dong Thap (Vietnam)"]
[Date "2004.09.16"]
[Round "2"]
[White "Nguyen Van Thanh (VIE)"]
[Black "Bao Quang (VIE)"]
[Result "0-1"]
[WhiteElo "2195"]
[BlackElo "2376"]

1.e4 g6 2.d4 Bg7 3.c4 d6 4.Nc3 Nf6 5.f3 O-O 6.Be3 Nc6 7.Nge2 a6 8.Qd2 Rb8
9.Nc1 e5 10.d5 Nd4 11.Bxd4 exd4 {#R} 0-1

[Event "Ch Vietnam (team)"]
[Site "masterchessopen.com – Dong Thap (Vietnam)"]
[Date "2004.09.20"]
[Round "7"]
[White "Tong Thai Hung (VIE)"]
[Black "Nguyen Van Huy (VIE)"]
[Result "0-1"]
[WhiteElo "2126"]
[BlackElo "2325"]

1.d4 Nf6 2.c4 g6 3.Nc3 Bg7 4.e4 d6 5.f3 O-O 6.Be3 Nc6 7.Nge2 a6 8.Qd2 Rb8 9.g4
h5 10.gxh5 Nxh5 11.Ng3 e5 12.Nce2 exd4 13.Bg5 f6 14.Bh6 Ne5 15.Ng1 c5 16.Nxh5
gxh5 17.O-O-O f5 18.Bxg7 Kxg7 19.Nh3 Qf6 20.Rg1+ Kh7 21.Rg5 Qh6 22.Qf4 fxe4
23.Qxe4+ Bf5 {#R} 0-1

[Event "It (open)"]
[Site "masterchessopen.com – Binissalem (Spain)"]
[Date "2004.10.07"]
[Round "7"]
[White "Campos Moreno Javier B (CHI)"]
[Black "Diez Fraile Mariano (ESP)"]
[Result "1-0"]
[WhiteElo "2476"]
[BlackElo "2179"]

1.d4 Nf6 2.c4 g6 3.Nc3 Bg7 4.e4 d6 5.f3 O-O 6.Nge2 Nc6 7.Be3 a6 8.Qd2 Rb8
9.Nc1 e5 10.d5 Nd4 11.Nb3 Nxb3 12.axb3 c5 13.g4 Nd7 14.Bd3 b5 15.h4 b4 16.Ne2
f5 17.gxf5 gxf5 18.Bg5 Nf6 19.h5 h6 20.Bxh6 f4 21.Bg5 Qe8 22.h6 Bh8 23.O-O-O
Nh7 24.Bxf4 exf4 25.Rhg1+ Kf7 26.e5 Qxe5 27.Bxh7 Ke7 28.Rde1 Kd8 29.Nxf4 Rxf4
30.Rxe5 Bxe5 31.Be4 Kc7 32.Rg5 Rb6 33.h7 {#r} 1-0

[Event "It \"]
[Site "masterchessopen.com – Berlin (Germany)"]
[Date "2004.10.11"]
[Round "6"]
[White "Klugow Eckehard"]
[Black "Lang Andreas (GER)"]
[Result "0-1"]
[WhiteElo "1693"]
[BlackElo "2039"]

1.d4 Nf6 2.c4 g6 3.Nc3 Bg7 4.e4 d6 5.f3 O-O 6.Be3 Nc6 7.Nge2 a6 8.Qd2 Rb8
9.Rc1 e5 10.d5 Ne7 11.Ng3 Ne8 12.Bg5 f6 13.Bh6 f5 14.exf5 Bxh6 15.Qxh6 Nxf5
16.Nxf5 Bxf5 17.h4 Qf6 18.Be2 b5 19.cxb5 axb5 20.Bxb5 e4 21.O-O Qd4+ 22.Kh1
exf3 23.Rxf3 Nf6 24.Rd1 Qb4 25.Rxf5 gxf5 26.Qg5+ Kh8 27.Re1 Ne4 28.Qh6 Qxb2
29.Nxe4 fxe4 30.a4 Rg8 31.Rg1 Qf2 32.Bd7 Rb1 {#R} 0-1

[Event "Olympiad (w)"]
[Site "masterchessopen.com – Calvia (Spain)"]
[Date "2004.10.19"]
[Round "5"]
[White "De La Cruz Mercedes (DOM)"]
[Black "Goutor Valentina (CAN)"]
[Result "1-0"]
[WhiteElo "2086"]
[BlackElo "2013"]

1.d4 Nf6 2.c4 g6 3.Nc3 Bg7 4.e4 d6 5.f3 O-O 6.Be3 Nc6 7.Qd2 a6 8.Nge2 Rb8
9.Ng3 e5 10.d5 Nd4 11.Bxd4 exd4 12.Nce2 c5 13.dxc6 bxc6 14.Nxd4 Qb6 15.Nb3 Rd8
16.Be2 Be6 17.Rc1 Nd7 18.Rc2 Nc5 19.Bd3 Nxb3 20.axb3 Qxb3 21.O-O Bxb2 22.Kh1
Bg7 23.Qe2 c5 24.Ra2 Qb6 25.f4 Bd7 26.f5 Be5 27.Qd2 Kg7 28.Qg5 h6 29.Nh5+ Kh7
30.fxg6+ fxg6 31.Rf7+ Kh8 32.Qxh6+ {#r} 1-0

[Event "Ch World (seniors)"]
[Site "masterchessopen.com – Halle (Germany)"]
[Date "2004.10.29"]
[Round "6"]
[White "Jakobsen Ole (DEN)"]
[Black "Altshul Raffael (RUS)"]
[Result "1-0"]
[WhiteElo "2376"]
[BlackElo "2290"]

1.d4 Nf6 2.c4 g6 3.Nc3 Bg7 4.e4 d6 5.f3 O-O 6.Nge2 a6 7.Be3 Nc6 8.Qd2 Rb8
9.Rc1 Bd7 10.Nd1 Ne8 11.g3 f5 12.exf5 Bxf5 13.Bg2 d5 14.g4 Bc8 15.cxd5 Qxd5
16.Ndc3 Qd8 17.O-O Nf6 18.Rfd1 e6 19.Bg5 Ne7 20.Ng3 c6 21.Nge4 Ned5 22.Nxd5
exd5 23.Nc5 Qb6 24.Re1 Rf7 25.Qf4 Ra8 26.Bxf6 Rxf6 27.Re8+ Rf8 28.Rce1 Bxg4
29.Rxa8 Rxa8 30.fxg4 Qxb2 31.Ne6 {#r} 1-0

[Event "Ch Privolzhskogo FO (juniors) (under 16)"]
[Site "masterchessopen.com – Oktjabrsky (Russia)"]
[Round "6"]
[White "Shenin Andrey (RUS)"]
[Black "Seliverstov Vladimir (RUS)"]
[Result "0-1"]
[WhiteElo "2132"]
[BlackElo "2122"]

1.c4 Nf6 2.Nc3 g6 3.e4 d6 4.d4 Bg7 5.f3 O-O 6.Be3 Nc6 7.Nge2 a6 8.Qd2 Rb8 9.a4
Re8 10.g4 Nd7 11.Bg5 Na5 12.Nc1 c5 13.Nd5 Bxd4 14.Bxe7 Rxe7 15.Nxe7+ Qxe7
16.Qxa5 Qf6 17.Ke2 Ne5 18.Bg2 Bxg4 19.Rf1 Be6 {#R} 0-1

[Event "Bundesliga (2nd) 2004/05 (w)"]
[Site "masterchessopen.com – Germany"]
[Date "2004.11.06"]
[Round "1"]
[White "Froehlich-Dill Astrid (GER)"]
[Black "Schneider Birgit (GER)"]
[Result "0-1"]
[WhiteElo "1960"]
[BlackElo "2018"]

1.d4 Nf6 2.c4 g6 3.Nc3 Bg7 4.e4 d6 5.f3 O-O 6.Be3 Nc6 7.Qd2 a6 8.Nge2 Rb8
9.Nd5 b5 10.Nxf6+ Bxf6 11.Nc3 bxc4 12.Bxc4 Na5 13.Be2 c5 14.Nd5 Bg7 15.O-O Nc6
16.dxc5 Rxb2 17.Qd1 dxc5 18.Bxc5 Qa5 19.Be3 Rd8 20.Rc1 e6 21.Rxc6 exd5 22.exd5
Qxa2 23.Rf2 Rb1 24.Bc1 Qa1 25.Rf1 Bb7 26.Rc4 Qe5 27.Qc2 Ra1 28.f4 Qd6 29.Rd1
{#R} 0-1

[Event "Ch Asia (juniors)"]
[Site "masterchessopen.com – Bikaner (India)"]
[Date "2004.12.25"]
[Round "6"]
[White "Gupta Abhijeet (IND)"]
[Black "Nguyen Van Huy (VIE)"]
[Result "1-0"]
[WhiteElo "2412"]
[BlackElo "2325"]

1.d4 Nf6 2.c4 g6 3.Nc3 Bg7 4.e4 d6 5.f3 O-O 6.Be3 Nc6 7.Nge2 a6 8.Qd2 Rb8 9.g4
h5 10.gxh5 Nxh5 11.O-O-O e5 12.d5 Ne7 13.Ng3 f5 14.Nxh5 gxh5 15.Bh6 Rf6
16.Bxg7 Kxg7 17.exf5 Bxf5 18.Rg1+ Kf7 19.Bd3 Qh8 20.Bxf5 Rxf5 21.Ne4 Rg8 22.c5
Nc8 23.Rxg8 Qxg8 24.Qb4 Rxf3 25.Qxb7 Qg4 26.Qxc7+ Kg6 27.cxd6 Qxe4 28.Rg1+
{#r} 1-0

[Event "Ch Germany"]
[Site "masterchessopen.com – Altenkirchen (Germany)"]
[Date "2005.02.20"]
[Round "3"]
[White "Braun Arik (GER)"]
[Black "Schunk Eduard (GER)"]
[Result "1-0"]
[WhiteElo "2465"]
[BlackElo "2354"]

1.d4 Nf6 2.c4 g6 3.Nc3 Bg7 4.e4 d6 5.f3 O-O 6.Be3 a6 7.Qd2 Nc6 8.Nge2 Rb8
9.Nc1 e5 10.d5 Nd4 11.Nb3 Nxb3 12.axb3 c5 13.g4 h5 14.h3 Nh7 15.gxh5 Qh4+
16.Qf2 Qxh5 17.Be2 f5 18.f4 Qh6 19.exf5 Rxf5 20.fxe5 g5 21.Qg1 Bxe5 22.h4 Qg7
23.Kd2 Nf6 24.Bd3 g4 25.h5 Rxh5 26.Ne2 Bd7 27.Rf1 Rxh1 28.Qxh1 b5 29.Qh4 Kf7
30.Bh6 Rh8 31.Qh5+ Ke7 32.Qxe5+ dxe5 33.Bxg7 {#r} 1-0

[Event "It (juniors)"]
[Site "masterchessopen.com – Deizisau (Germany)"]
[Date "2005.03.19"]
[Round "1"]
[White "Braun Arik (GER)"]
[Black "Mutschnik Ilia (GER)"]
[Result "1-0"]
[WhiteElo "2465"]
[BlackElo "2414"]

1.d4 Nf6 2.c4 g6 3.Nc3 Bg7 4.e4 d6 5.f3 O-O 6.Be3 Nc6 7.Nge2 a6 8.Qd2 Rb8 9.h4
b5 10.h5 e5 11.Nd5 bxc4 12.Bh6 Nxd5 13.Bxg7 Kxg7 14.exd5 Nb4 15.Ng3 Qe7
16.Bxc4 exd4+ 17.Ne4 c6 18.dxc6 d5 19.hxg6 fxg6 20.Qxd4+ Rf6 21.Qxf6+ Qxf6
22.Nxf6 dxc4 23.Ne8+ Kf8 24.Nd6 Nc2+ 25.Kd2 Nxa1 26.Kc3 Be6 27.Re1 Bf5 28.c7
Ra8 29.Re5 Bd7 30.Rc5 Bc8 31.Nxc4 {#r} 1-0

[Event "Ch St. Petersburg"]
[Site "masterchessopen.com – St. Petersburg (Russia)"]
[Date "2005.03.19"]
[Round "3"]
[White "Gerasimov Yuri (RUS)"]
[Black "Yevseev Denis (RUS)"]
[Result "0-1"]
[WhiteElo "2269"]
[BlackElo "2554"]

1.d4 Nf6 2.c4 g6 3.Nc3 Bg7 4.e4 d6 5.f3 O-O 6.Be3 Nc6 7.Nge2 a6 8.Qd2 Rb8
9.Nc1 e5 10.Nb3 exd4 11.Nxd4 Ne5 12.Be2 c5 13.Nc2 Be6 14.Na3 Nc6 15.O-O Nd4
16.Rac1 Nd7 17.b3 Qa5 18.Nab1 b5 19.cxb5 axb5 20.Rfd1 Ra8 21.Bf1 b4 22.Na4
Bxb3 23.axb3 Nxb3 24.Qxd6 Nxc1 25.Nxc5 Nxc5 26.Rxc1 Ne6 27.Bc4 Rad8 28.Qe7 Rc8
29.Bd2 Qb6+ 30.Kf1 b3 31.Qb4 Qxb4 32.Bxb4 b2 {#R} 0-1

[Event "Ch Russia (w)"]
[Site "masterchessopen.com – Samara (Russia)"]
[Date "2005.03.24"]
[Round "2"]
[White "Guseva Marina (RUS)"]
[Black "Komiagina Maria (RUS)"]
[Result "0-1"]
[WhiteElo "2363"]
[BlackElo "2341"]

1.d4 Nf6 2.c4 g6 3.Nc3 Bg7 4.e4 d6 5.f3 O-O 6.Be3 Nc6 7.Nge2 a6 8.Qd2 Rb8 9.a4
e5 10.d5 Na5 11.Nc1 c5 12.Bd3 Nh5 13.N3e2 f5 14.O-O b6 15.b4 fxe4 16.fxe4
Rxf1+ 17.Kxf1 cxb4 18.Qxb4 Nf4 19.Rb1 Qg5 20.Qxd6 Qxg2+ 21.Ke1 Qh1+ 22.Bg1 Ra8
23.Rxb6 Bg4 24.Rb8+ Rxb8 25.Qxb8+ Bf8 26.Kd2 Nxe2 27.Bxe2 Qxg1 {#R} 0-1

[Event "Cup Doeberl"]
[Site "masterchessopen.com – Canberra (Australia)"]
[Date "2005.03.28"]
[Round "7"]
[White "Reilly Tim (AUS)"]
[Black "Suttor Vincent (AUS)"]
[Result "1-0"]
[WhiteElo "2299"]
[BlackElo "2127"]

1.d4 Nf6 2.c4 g6 3.Nc3 Bg7 4.e4 d6 5.f3 O-O 6.Be3 Nc6 7.Nge2 a6 8.Qd2 Rb8 9.h4
h5 10.O-O-O b5 11.Bh6 e5 12.Bxg7 Kxg7 13.dxe5 Nxe5 14.cxb5 axb5 15.Nf4 Bd7
16.Kb1 b4 17.Ncd5 Nxd5 18.Nxd5 c5 19.Ne3 Rb6 20.f4 Bg4 21.Rc1 Nd7 22.Nc4 Rc6
23.Nxd6 Qe7 24.e5 f6 25.Bb5 Rc7 26.Rhe1 fxe5 27.fxe5 Nxe5 28.Nc4 Rf5 29.Qd5
Kf6 30.Nd6 c4 31.Ne8+ {#r} 1-0

[Event "Bayern Landesliga South 2004/05"]
[Site "masterchessopen.com – Bayern (Germany)"]
[Date "2005.04.10"]
[Round "9"]
[White "Stelter Felix Dr (GER)"]
[Black "Bauer Robert (GER)"]
[Result "1-0"]
[WhiteElo "2052"]
[BlackElo "2211"]

1.d4 Nf6 2.c4 g6 3.Nc3 Bg7 4.e4 d6 5.f3 O-O 6.Be3 Nc6 7.Nge2 a6 8.Qd2 Rb8 9.d5
Ne5 10.Nd4 c5 11.Nb3 Ne8 12.h3 Nc7 13.f4 Nd7 14.a4 Qe8 15.Bd3 Nb6 16.a5 Nd7
17.O-O f5 18.Rae1 Qf7 19.Qe2 Re8 20.g4 Nf8 21.e5 dxe5 22.fxe5 Bxe5 23.Bxc5 Bg3
24.Bf2 Bxf2+ 25.Qxf2 e6 26.Qg3 Rd8 27.gxf5 exf5 28.d6 Ne8 29.Re7 Qf6 30.c5 Be6
31.Rxe6 Qxe6 32.Nd4 Qd5 33.Nxd5 {#r} 1-0

[Event "It (open) (b)"]
[Site "masterchessopen.com – Ditzingen (Germany)"]
[Date "2005.05.08"]
[Round "7"]
[White "Kellner Juergen"]
[Black "Matzke Rolf"]
[Result "0-1"]
[WhiteElo "1599"]
[BlackElo "1863"]

1.d4 Nf6 2.c4 g6 3.Nc3 Bg7 4.e4 d6 5.f3 O-O 6.Be3 Nc6 7.Qd2 a6 8.Nge2 Rb8
9.Ng3 e5 10.d5 Ne7 11.Be2 Nd7 12.O-O f5 13.exf5 Nxf5 14.Nxf5 gxf5 15.Rad1 Nf6
16.Bh6 Rf7 17.Bxg7 Rxg7 18.Kh1 f4 19.Bd3 Nh5 20.Ne2 Qg5 21.Rg1 Qh4 22.Qe1 Ng3+
{#R} 0-1

[Event "It (open)"]
[Site "masterchessopen.com – Salou (Spain)"]
[Date "2005.05.26"]
[Round "7"]
[White "Mirzoev Azer (AZE)"]
[Black "Zozulia Anna (BEL)"]
[Result "1-0"]
[WhiteElo "2520"]
[BlackElo "2340"]

1.d4 Nf6 2.c4 g6 3.f3 Bg7 4.e4 d6 5.Nc3 O-O 6.Be3 Nc6 7.Qd2 a6 8.Nge2 Rb8
9.Nc1 e5 10.d5 Nd4 11.Nb3 Nxb3 12.axb3 c5 13.b4 b6 14.b5 a5 15.g4 Ne8 16.O-O-O
f5 17.gxf5 gxf5 18.exf5 Bxf5 19.h4 Kh8 20.h5 Rg8 21.Bd3 Qd7 22.Rdg1 Nf6 23.Bg5
Bxd3 24.Qxd3 e4 25.Qd2 Ne8 26.Nxe4 Be5 27.Bf4 Rf8 28.Bxe5+ dxe5 29.Qe2 Qf5
30.Rg5 Qxf3 31.Qxf3 Rxf3 32.Re1 Nf6 33.Nd6 {#r} 1-0

[Event "Ch South Region (open)"]
[Site "masterchessopen.com – Belorechensk (Russia)"]
[Round "0"]
[White "Lastin Alexander (RUS)"]
[Black "Yandarbiev Ruslan (RUS)"]
[Result "1-0"]
[WhiteElo "2585"]
[BlackElo "2414"]

1.d4 Nf6 2.c4 g6 3.Nc3 Bg7 4.e4 d6 5.f3 O-O 6.Nge2 a6 7.Be3 Nc6 8.Qd2 Rb8 9.a3
Bd7 10.b4 b6 11.Rd1 Re8 12.d5 Ne5 13.Nd4 c5 14.dxc6 Nxc6 15.Nxc6 Bxc6 16.Be2
Qc7 17.O-O Qb7 18.Rb1 Qa8 19.Rfc1 Rec8 20.Bf1 b5 21.a4 bxa4 22.Qa2 Bd7 23.Nxa4
Qc6 24.Nc3 Ra8 25.Rb3 Qb7 26.Rcb1 Be6 27.Ra3 h5 28.Nd5 Bxd5 29.cxd5 Rc7
30.Bxa6 Qb8 31.b5 {#r} 1-0

[Event "Ch Europe"]
[Site "masterchessopen.com – Warsaw (Poland)"]
[Date "2005.06.22"]
[Round "5"]
[White "Esen Baris (TUR)"]
[Black "Szoen Dariusz (POL)"]
[Result "0-1"]
[WhiteElo "2384"]
[BlackElo "2450"]

1.d4 Nf6 2.c4 g6 3.Nc3 Bg7 4.e4 d6 5.f3 O-O 6.Be3 Nc6 7.Qd2 a6 8.Nge2 Rb8
9.Nc1 e5 10.d5 Nd4 11.N1e2 c5 12.dxc6 bxc6 13.Nxd4 exd4 14.Bxd4 d5 15.cxd5
cxd5 16.e5 Nd7 17.f4 f6 18.exf6 Nxf6 19.Be2 Re8 20.Rd1 Ne4 21.Nxe4 Rxe4
22.Bxg7 Bg4 23.Be5 Rc8 24.O-O Rxe2 25.Qd4 Rcc2 26.f5 Bxf5 27.Bg3 Be4 28.Rf2
Rxf2 29.Bxf2 Qg5 30.g3 Qg4 {#R} 0-1

[Event "Ch Spain (team) (Premier North)"]
[Site "masterchessopen.com – Barcelona (Spain)"]
[Date "2005.08.12"]
[Round "2"]
[White "Pros Heras Jordi (ESP)"]
[Black "Torrecillas Martinez Antonio (ESP)"]
[Result "1-0"]
[WhiteElo "2133"]
[BlackElo "2374"]

1.d4 d6 2.c4 Nf6 3.Nc3 g6 4.e4 Bg7 5.f3 O-O 6.Be3 Nc6 7.Nge2 a6 8.Qd2 Rb8 9.h4
h5 10.Nd5 b5 11.Nxf6+ Bxf6 12.g4 hxg4 13.h5 gxf3 14.Nf4 e5 15.hxg6 exf4 16.Qh2
Bh4+ 17.Bf2 Qg5 18.Bxh4 Qh6 19.g7 Re8 20.Bf6 Rxe4+ 21.Kf2 bxc4 22.Qxh6 Rxb2+
23.Kg1 {#r} 1-0

[Event "Czech League 2005/06 (2nd) (a)"]
[Site "masterchessopen.com – Czech Republic"]
[Date "2005.10.16"]
[Round "1"]
[White "Simak Pavel (CZE)"]
[Black "Janda Jiri (CZE)"]
[Result "1-0"]
[WhiteElo "2136"]
[BlackElo "2128"]

1.d4 Nf6 2.c4 g6 3.Nc3 Bg7 4.e4 d6 5.f3 O-O 6.Be3 Nc6 7.Nge2 a6 8.Qd2 Rb8 9.g4
e5 10.d5 Nd4 11.Nxd4 exd4 12.Bxd4 c5 13.dxc6 bxc6 14.O-O-O Qa5 15.g5 Nh5
16.Bxg7 Nxg7 17.Qxd6 Be6 18.h4 Rfd8 19.Qh2 Rxd1+ 20.Kxd1 Rd8+ 21.Kc2 Qc5
22.Qg1 Qb4 23.b3 a5 24.Qe3 a4 25.Nxa4 Nf5 26.Qc3 Qd6 27.exf5 Bxf5+ 28.Kb2 Qd1
29.Ka3 Rd2 30.Bd3 {#r} 1-0

[Event "Bayern Landesliga North 2005/06"]
[Site "masterchessopen.com – Bayern (Germany)"]
[Date "2005.10.23"]
[Round "1"]
[White "Ewald Alexander (GER)"]
[Black "Fischer Markus (GER)"]
[Result "0-1"]
[WhiteElo "2208"]
[BlackElo "2255"]

1.d4 Nf6 2.c4 g6 3.Nc3 Bg7 4.e4 O-O 5.f3 d6 6.Be3 Nc6 7.Nge2 a6 8.Qd2 Rb8 9.h4
h5 10.O-O-O b5 11.Nd5 bxc4 12.g4 Nxd5 13.exd5 Nb4 14.Nc3 c6 15.Bxc4 cxd5
16.Bb3 hxg4 17.h5 gxf3 18.Qh2 Bf5 19.Bg5 Qd7 20.Qh4 gxh5 21.Bxe7 Bg6 22.a3
Rfe8 23.Bg5 Qf5 24.Rh2 Re2 25.Bf4 Na2+ {#R} 0-1

[Event "It \"]
[Site "masterchessopen.com – St.Petersburg (Russia)"]
[Date "2005.11.06"]
[Round "9"]
[White "Kosov Igor (RUS)"]
[Black "Kharinov Konstantin (RUS)"]
[Result "0-1"]
[WhiteElo "1664"]
[BlackElo "1981"]

1.d4 Nf6 2.c4 g6 3.Nc3 Bg7 4.e4 d6 5.f3 O-O 6.Be3 Nc6 7.Qd2 a6 8.Nge2 Rb8
9.O-O-O b5 10.c5 Na5 11.Bh6 Nc4 12.Qg5 b4 13.Nb1 c6 14.h4 Qa5 15.b3 Qxa2
16.bxc4 b3 17.Rd2 b2+ 18.Kc2 Qb3# 0-1